I Remember Everything - Zach Bryan and Kacey Musgraves Lyrics - Statistics

General Stats
  • This quiz has been taken 665 times
  • The average score is 219 of 276
Answer Stats
Answer % Correct
a
95%
i
95%
I
95%
you
94%
men
93%
do
92%
on
92%
to
92%
the
91%
your
91%
every
90%
mind
90%
my
90%
remember
90%
be
89%
ease
89%
in
89%
of
89%
when
88%
gonna
87%
out
87%
that
87%
me
86%
time
86%
everything
85%
his
85%
passin'
85%
'88
84%
and
84%
'88
84%
cold
83%
ford
83%
grown
82%
daddy
81%
shoulder
81%
closing
80%
door
80%
drinking
80%
like
80%
man
80%
beach
78%
come
78%
it
78%
remind
78%
stay
78%
sun
78%
begging
77%
passenger
77%
were
77%
words
77%
but
76%
hangin
76%
mouth
75%
strange
75%
'til
75%
til
75%
rose
74%
smile
74%
you're
74%
don't
73%
cry
72%
hell
72%
mans
72%
are
71%
labrador
71%
nights
71%
only
71%
wish
71%
line
70%
pictures
70%
whiskeys
70%
with
70%
didn't
69%
eyes
69%
mind's
69%
minds
69%
mine
69%
Rotgut
69%
rotgut
69%
blame
68%
hair
68%
is
68%
moment
68%
sand
68%
sing
68%
dryin
67%
dryin'
67%
blowin
66%
broke
66%
down
66%
from
65%
love
65%
beat
64%
summer
64%
heat
63%
tell
63%
about
62%
concrete
62%
couch
62%
off
62%
towel
62%
basement
61%
how
61%
ran
61%
songs
61%
feet
60%
at
59%
burns
59%
meet
59%
souls
59%
you'd
59%
her
58%
two
58%
i'd
57%
always
56%
never
56%
ring
56%
swore
56%
pawned
55%
you'll
53%
ill
52%
mama
52%
singin
50%
passing
45%
rests
44%
no
37%
No matching quizzes found
Score Distribution
Percent of People with Each Score
Percentile by Number Answered
Your Score History
You have not taken this quiz